| 000 | 00426nam a22001697a 4500 | ||
|---|---|---|---|
| 003 | OSt | ||
| 008 | 250215b |||||||| |||| 00| 0 eng d | ||
| 020 | _a81-224-0994-6 | ||
| 041 | _aeng | ||
| 082 |
_a510.1 _bUPP/MA |
||
| 100 |
_aUppal, SM _97163 |
||
| 245 | _aMathematics for Science | ||
| 260 |
_aNew Delhi: _bNew Age International Publishers Ltd, _c1996. |
||
| 300 | _a420p. | ||
| 700 |
_aHumphreys, HM _97164 |
||
| 942 | _cBK | ||
| 999 |
_c19394 _d19394 |
||